000 00479nam a2200205Ia 4500
008 210210b1955 xxu||||| |||| 00| 0 eng d
041 _aeng
082 _a336/40
100 _aBONNE (A)
245 _aEconomic development of the middle east
260 _aLondon
_bKegan Paul trench & Co
_c1955
650 _athe
650 _aof
650 _amiddle
650 _aEconomic
650 _aeast
650 _adevelopment
690 _aEconomic History
906 _a004777
999 _c128061
_d128061